[Event "Ivrea Autumn Cup 23rd"]
[Site "Ivrea"]
[Date "2012.11.15"]
[Round "7"]
[White "Pane, Gabriele"]
[Black "Tricerri, Pierino"]
[Result "1-0"]
[WhiteElo "1587"]
[BlackElo "1496"]
[PlyCount "21"]
[EventDate "2012.09.22"]
[EventType "swiss"]
[EventRounds "9"]
[EventCountry "ITA"]
[SourceTitle "EXT 2014"]
[Source "ChessBase"]
[SourceDate "2013.11.20"]
[SourceVersion "1"]
[SourceVersionDate "2013.11.20"]
[SourceQuality "1"]

1. d4 Nf6 2. c4 g6 3. Nc3 Bg7 4. e4 d6 5. f3 0-0 6. Bg5 e5 7. dxe5 dxe5 8. Qxd8 Rxd8 9. Nd5 Rd7 10. Bxf6 Bxf6 11. Nxf6+ 1-0

[Event "Piverone op 1st"]
[Site "Piverone"]
[Date "2012.03.11"]
[Round "5"]
[White "Pane, Gabriele"]
[Black "Cappa, Enrico"]
[Result "1-0"]
[WhiteElo "1538"]
[BlackElo "1658"]
[PlyCount "83"]
[EventDate "2012.03.09"]
[EventType "swiss"]
[EventRounds "5"]
[EventCountry "ITA"]
[SourceTitle "EXT 2014"]
[Source "ChessBase"]
[SourceDate "2013.11.20"]
[SourceVersion "1"]
[SourceVersionDate "2013.11.20"]
[SourceQuality "1"]

1. d4 Nf6 2. c4 e6 3. Nc3 b6 4. Nf3 Bb7 5. e3 c5 6. Bd3 d5 7. cxd5 exd5 8. 0-0 c4 9. Be2 Bd6 10. b3 Qc8 11. Nd2 cxb3 12. Qxb3 0-0 13. Bf3 Qe6 14. Nb5 Nbd7 15. Nxd6 Ba6 16. Re1 Qxd6 17. Ba3 Qc6 18. Bxf8 Nxf8 19. Rec1 Qd7 20. Rc3 Rc8 21. Rac1 Ne6 22. Qa3 Rxc3 23. Rxc3 Bc8 24. Qc1 Bb7 25. Qa3 Bc6 26. Qa6 Qb7 27. Ra3 Ng5 28. Qxa7 Nxf3+ 29. Nxf3 Nd7 30. Qxb7 Bxb7 31. Ra7 Bc6 32. Ne5 Nxe5 33. dxe5 Be8 34. Kf1 g6 35. Ke1 Kg7 36. Ra6 b5 37. Rd6 h5 38. Rxd5 Bc6 39. Rc5 Bxg2 40. Rxb5 f6 41. exf6+ Kxf6 42. a4 1-0